Normal view
MARC view
- London
Entry Corporate Name
001 - CONTROL NUMBER
- control field: 4790
003 - CONTROL NUMBER IDENTIFIER
- control field: SIRSI
005 - DATE AND TIME OF LATEST TRANSACTION
- control field: 20190806150237.0
008 - FIXED-LENGTH DATA ELEMENTS
- fixed length control field: 051117n| aaannaabn |n ana d
040 ## - CATALOGING SOURCE
- Original cataloging agency: OSt
- Transcribing agency: OSt
110 1# - HEADING--CORPORATE NAME
- Corporate name or jurisdiction name as entry element: London
- Subordinate unit: Greater London Authority
- Subordinate unit: London Assembly
- Subordinate unit: Health and Public Services Committee
410 ## - SEE FROM TRACING--CORPORATE NAME
- Corporate name or jurisdiction name as entry element: Health and Public Services Committee (London)
410 ## - SEE FROM TRACING--CORPORATE NAME
- Corporate name or jurisdiction name as entry element: GLA Health and Public Services Committee
670 ## - SOURCE DATA FOUND
- Source citation: Building London, saving lives, 2005